Statistics for Countries Bordering Countries on the Equator

Click here to take the quiz!

General Stats

  • This quiz has been taken 5 times
  • The average score is 37 of 48

Answer Stats

Country on the EquatorBordering Countries% Correct
ColombiaBrazil
100%
BrazilColombia
100%
EcuadorColombia
100%
UgandaDemocratic Republic of the Congo
100%
Republic of the CongoDemocratic Republic of the Congo
100%
Democratic Republic of the CongoRepublic of the Congo
100%
GabonRepublic of the Congo
100%
BrazilArgentina
80%
BrazilBolivia
80%
GabonCameroon
80%
Republic of the CongoCameroon
80%
ColombiaEcuador
80%
KenyaEthiopia
80%
SomaliaEthiopia
80%
BrazilFrench Guiana
80%
BrazilGuyana
80%
SomaliaKenya
80%
UgandaKenya
80%
IndonesiaMalaysia
80%
IndonesiaPapua New Guinea
80%
BrazilParaguay
80%
EcuadorPeru
80%
BrazilPeru
80%
ColombiaPeru
80%
BrazilSuriname
80%
UgandaTanzania
80%
KenyaTanzania
80%
Democratic Republic of the CongoTanzania
80%
KenyaUganda
80%
Democratic Republic of the CongoUganda
80%
BrazilUruguay
80%
BrazilVenezuela
80%
ColombiaVenezuela
80%
Democratic Republic of the CongoAngola
60%
Democratic Republic of the CongoBurundi
60%
Democratic Republic of the CongoCentral African Republic
60%
Republic of the CongoCentral African Republic
60%
SomaliaDjibouti
60%
IndonesiaEast Timor
60%
GabonEquatorial Guinea
60%
Republic of the CongoGabon
60%
UgandaRwanda
60%
Democratic Republic of the CongoRwanda
60%
KenyaSomalia
60%
KenyaSouth Sudan
60%
UgandaSouth Sudan
60%
Democratic Republic of the CongoSouth Sudan
60%
Democratic Republic of the CongoZambia
60%

Score Distribution

Percentile by Number Answered

Percent of People with Each Score

Your Score History

You have not taken this quiz